Представление документа в формате MARC21

Поле Инд. ПП Название Значение
Тип записи a
Библиографический уровень b
001 Контрольный номер RU/IS/BASE/264553477
005 Дата корректировки 20200522190620.7
008 Кодируемые данные 19960814
084 a Индекс другой классификации/Индекс ББК 63.3(2)5-7
a Индекс другой классификации/Индекс ББК 87.3(2)61; 60.03; 71в; 71.083
097 00 a 750
100 10 a Автор Ильин И. А.
q Полное имя Ильин Иван Александрович
245 00 a Заглавие Сущность и своеобразие русской культуры
n Номер части/ раздела Часть I
p Название части/ раздела Душа
504 00 a Библиография Библиогр. в примеч.: с. 190
650 04 a Основная рубрика история
a Основная рубрика история философии; типология культуры
a Основная рубрика культурология
a Основная рубрика социальная философия
a Основная рубрика философия
a Основная рубрика философия истории
653 00 a Ключевые слова XIX век
a Ключевые слова XX век
a Ключевые слова добродетель
a Ключевые слова достоинство
a Ключевые слова духовные силы
a Ключевые слова естественность
a Ключевые слова жертвенность
a Ключевые слова земля
a Ключевые слова искусство
a Ключевые слова климат
a Ключевые слова культура
a Ключевые слова леса
a Ключевые слова национальная культура
a Ключевые слова нравственность
a Ключевые слова природа
a Ключевые слова простота
a Ключевые слова религия
a Ключевые слова Россия
a Ключевые слова русская душа
a Ключевые слова русская культура
a Ключевые слова русский человек
a Ключевые слова русский язык
a Ключевые слова свобода внутренняя
a Ключевые слова совесть
a Ключевые слова сценическое искусство
a Ключевые слова темперамент
a Ключевые слова философия культуры
a Ключевые слова характер
a Ключевые слова этика
a Ключевые слова юмор
773 00 t Заглавие источника Москва
d Дата издания источника 1996
g Прочая информация № 1. - С. 170 - 190
w Контрольный № источника RU/IS/BASE/156612372
901 t Тип документа b